ATASÖZLERİNİN İLGİNÇ HİKAYELERİ 2 (Record no. 1095735)

MARC details
000 -LEADER
sabit uzunluktaki kontrol alanı 00282nam a2200097Ia 4500
001 - KONTROL NUMARASI
kontrol alanı 1095735
005 - EN SON İŞLEMİN TARİH VE ZAMANI
kontrol alanı 20250827003020.0
008 - SABİT-UZUNLUKTA VERİ ÖĞELERİ--GENEL BİLGİ
sabit uzunluktaki kontrol alanı 250824s9999 xx 000 0 und d
245 #0 - ESER / YAZAR
ESER ADI ATASÖZLERİNİN İLGİNÇ HİKAYELERİ 2
Yazar Adı HALE EŞTÜRK ALTAY
260 ## - YAYIN, DAĞITIM, VB.
YAYIN EVİ UĞURBÖCEĞİ YAYINLARI
Holdings
Düşüm durumu Kayıp durumu Sınıflandırma Kaynağı veya raf şeması Hasar Durumu Ödünç verilmez Ana kütüphane Geçerli Kütüphane Edinilen tarih Toplam ödünç verme sayısı Tam yer numarası Barkod Son görüntüleme tarihi Fiyatın geçerli olmaya başladığı tarih Koha materyal türü
    Dewey Ondalık Sınıflama     ŞEHİT MUSTAFA ÇUHADAR ORTAOKULU ŞEHİT MUSTAFA ÇUHADAR ORTAOKULU 24.08.2025   M1 10545064 27.08.2025 27.08.2025 Books